| 000 | 00641nam a2200145 a 4500 | ||
|---|---|---|---|
| 008 | 151116s2010 ||||||||||||||||| || u | ||
| 020 | _a9780443069338 | ||
| 050 | _aRT 51 Ban | ||
| 100 | _aBanks, Kevin | ||
| 245 | 1 | 0 |
_aMailand's clinical companion: an essential guide for students _cBy Kevin Banks [and] Elly Hengeveld |
| 260 |
_aEdinburgh _bChurchill Livingstone/Elsevier _c2010 |
||
| 300 | _axiii, 684p.: ill. | ||
| 650 | _aNURSING--HANDBOOKS, MANUALS, ETC | ||
| 995 |
_aMEDICAL LIBRARY OPEN ACCESS _e903270 _FCBU-SCHOOL OF MEDICINE LIBRARY (Ndola) _I63.95 _jRT 51 Ban _M1 _UAVAILABLE _WDec 15, 2015 _y903270 _ZMedical Library Open Access Collection |
||
| 999 |
_c31934 _d31934 |
||